| 000 | 00815nas a2200277 4500 | ||
|---|---|---|---|
| 001 | BR9500151 | ||
| 003 | BR-BrBNA | ||
| 005 | 20231205093816.0 | ||
| 007 | ta | ||
| 008 | 230509b bl.|||p| |||| 00| 00por d | ||
| 040 |
_aBR-BrBNA _bpor _cBiblioteca Nacional de Agricultura |
||
| 041 | _a(Pt) | ||
| 072 | _aF61 | ||
| 100 | 1 | _aSouza, E.F. de O. | |
| 100 | 1 | _aSouza, M. de | |
| 100 | 1 | _aOliveira, E. de | |
| 245 | 1 | _aEfeito de fungos MVA e fosforo na nutricao do limoeiro cravo pos-repicagem | |
| 650 | _aLimao Cravo | ||
| 650 | _aFungo | ||
| 650 | _aFosforo | ||
| 650 | _aNutricao Vegetal | ||
| 650 | _aAbsorcao | ||
| 773 | 0 |
_tPesquisa Agropecuaria Brasileira (Brazil) _xISSN 0100-204X _g(Aug 1992), v. 27(8) p. 1141-1146 _wBR9500151 |
|
| 909 |
_a202311 _bLúcia _c55 _dLúcia Elande |
||
| 942 |
_2AGRIS _n0 _cANA |
||
| 999 |
_c140498 _d140498 |
||